Olivia Rodrigo Quiz Challenge! - Statistics

General Stats
  • This quiz has been taken 236 times
  • The average score is 9 of 15
Answer Stats
Hint Answer % Correct
How old is she? 21?
99%
How many albums does she have? 2
92%
What is the name of her second album? Guts
92%
What is the name of her first album? Sour
91%
What month was she born in? February
86%
Instruments she plays? Guitar
85%
What song did she write for the Hunger Games? Cant Catch me now
84%
Debut Single? Drivers License
71%
Follow up single? Deja Vu
52%
What Disney Channel Series did she take part in 2016-2019? Bizaardvark
49%
Middle name? Isabel
41%
Co-star on Bizzardvark? Madison Hu
25%
Fathers name? Chris
17%
Role in American Girl: Grace stirs up success? Grace Thomas
8%
Record Label she signed with in 2020? Greffen Records
2%
No matching quizzes found
Score Distribution
Percent of People with Each Score
Percentile by Number Answered
Your Score History
You have not taken this quiz